الخلاف الحقيقي بين المسلمين و المسيحين / (رقم التسجيلة. 4030)
[ عرض عادي ]
| 000 -LEADER | |
|---|---|
| fixed length control field | 00631nam a22002057a 4500 |
| 005 - DATE AND TIME OF LATEST TRANSACTION | |
| control field | 20251108164121.0 |
| 008 - FIXED-LENGTH DATA ELEMENTS--GENERAL INFORMATION | |
| fixed length control field | 250721s1995 xx 000 0 ara d |
| 082 14 - DEWEY DECIMAL CLASSIFICATION NUMBER | |
| Classification number | 218,232/ديد |
| 100 1# - MAIN ENTRY--PERSONAL NAME | |
| Personal name | ديدات، أحمد |
| 245 10 - TITLE STATEMENT | |
| Title | الخلاف الحقيقي بين المسلمين و المسيحين / |
| 264 1# - PRODUCTION, PUBLICATION, DISTRIBUTION, MANUFACTURE, AND COPYRIGHT NOTICE | |
| Place of production, publication, distribution, manufacture | القاهرة : |
| Name of producer, publisher, distributor, manufacturer | المختار الإسلامي، |
| Date of production, publication, distribution, manufacture, or copyright notice | 1995. |
| 300 ## - PHYSICAL DESCRIPTION | |
| Extent | 207ص |
| 490 0# - SERIES STATEMENT | |
| Series statement | مكتبة ديدان ، 36 |
| 650 17 - SUBJECT ADDED ENTRY--TOPICAL TERM | |
| Topical term or geographic name as entry element | الإسلام |
| 650 17 - SUBJECT ADDED ENTRY--TOPICAL TERM | |
| Topical term or geographic name as entry element | المسيحية |
| 700 1# - ADDED ENTRY--PERSONAL NAME | |
| Personal name | ميلر، جاري |
| 700 1# - ADDED ENTRY--PERSONAL NAME | |
| Personal name | مختار، محمد |
| Relator term | ترجمة |
| 942 ## - ADDED ENTRY ELEMENTS (KOHA) | |
| Source of classification or shelving scheme | Dewey Decimal Classification |
| Koha item type | كتب |
| حالة السحب | حالة الفقدان | مصدر التصنيف | حالة التلف | غير قابل للإعارة | المكتبة الرئيسية | المكتبة الحالية | موقع الرف | تاريخ التزويد | الرقم المتسلسل | Total Checkouts | رقم الإستدعاء | الباركود | تاريخ آخر ظهور | تاريخ الفاتورة | نوع المادة (كوها) |
|---|---|---|---|---|---|---|---|---|---|---|---|---|---|---|---|
| Dewey Decimal Classification | المكتبة المركزية | المكتبة المركزية | الإعارة | 06/07/2004 | 224304 | 218,232/ديد | 224304 | 28/07/2025 | 06/07/2004 | كتب | |||||
| Dewey Decimal Classification | مكتبة الأميرة ايمان العامة | مكتبة الأميرة ايمان العامة | الإعارة | 18/09/2013 | [7705] | 218,232/ديد | PLD00278204 | 28/07/2025 | 18/09/2013 | كتب |